000 00595nam a22001937a 4500
999 _c175042
_d175042
005 20200805134520.0
010 _aENG-128309
020 _c525.00
_a9789352836192
035 _aEN-111841
037 _bDBAD/PUB
082 _a954.09
100 _aMahajan, V D
245 _aModern Indian History/
_cby V D Mahajan
250 _a18th ed.
260 _aNew Delhi
_bS.Chand
_c2020
270 _aHead Office:7361,Ram Nagar,Qutab Rord
_bNew Delhi
_e110055
_k23672080
_l91-11-23677446
_minfo@schandpublishing.com
300 _axx;700p.
_c24cm(pbk)
942 _2ddc
_cEN
_h954.09
_mMAH